| 000 | 00440cam a2200181ua 4500 | ||
|---|---|---|---|
| 020 |
_a81-219-0146-4 _c55.0 |
||
| 041 |
_aeng _h |
||
| 082 |
_a620.11 _bKHU/MA |
||
| 100 | _aKhurmi, R S . | ||
| 245 |
_aMaterial science / _cR S Khurmi. _hTextual Documents |
||
| 260 |
_aNew Delhi : _bS.Chand and Co , _c1995. |
||
| 300 | _a381 ; . | ||
| 365 | _a55.0 | ||
| 504 | _a | ||
| 700 | 1 | _aSedha, R S . | |
| 942 | _cBK | ||
| 999 |
_c9685 _d9685 |
||